000 00644nam a2200205Ia 4500
003 GCL
008 140319s9999 xx 000 0 ara d
040 _aGCL /
_cGCL
082 0 4 _aد
_b050
_bم م
100 1 _aمكتب العمل العربي
245 1 0 _aمجلة العمل العربية /
_cمكتب العمل العربي
260 _a[S.N] :
_bمكتب العمل العربي
300 _a220
490 _aفى المصطلح الكلامى والفلسفى
_v0
650 0 4 _aالعمل والعمال
650 0 4 _aالسياسة
650 0 4 _aالعمل
650 0 4 _aالشئون الاجتماعية
942 _2ddc
_cCF
999 _c27017
_d27017